00928nam a2200277 u 450000100070000000500170000700800410002403500110006504000130007604100080008908200080009710000370010524501040014226000430024630000140028961000610030365000270036465000440039165000400043565000300047570000420050570000420054770000410058950200120063052600080064210567220260506081539.0961001s1996 ||||||m| spa  a105672 ccomduadb aspa 4a62110aMonsalve Marin, Ludwen4auteaut10aProyecto de ahorro de energia electrica para la ciudad universitaria de la Universidad de Antioquia aMedellín :b[sin publicador],c1996. a174 hojas24aUniversidad de Antioquia.bPrograma de Regionalización aMedellín (Antioquia) 7aSistemas de energía eléctrica2lemb aPérdidas de energía eléctrica aSistemas de iluminación10aLópez Hernández, Sandra4auteaut10aDuque Gomez, Juan Guillermo4auteaut10aZapata Betancur, Juan Jose4auteaut b173c17 a175